[Event "Presidents Cup "]
[Site "Elista"]
[Date "1998.05.08"]
[Round "1.2"]
[White "Rublevsky, Sergei"]
[Black "Ibragimov, Ildar"]
[Result "1-0"]
[WhiteElo "2665"]
[BlackElo "2590"]
[Annotator "Yudasin,L"]
[PlyCount "73"]
[EventDate "1998.05.07"]
[EventType "k.o."]
[EventRounds "6"]
[EventCountry "RUS"]
[SourceTitle "CBM 065"]
[Source "ChessBase"]
[SourceDate "1998.08.06"]
[SourceVersion "1"]
[SourceVersionDate "1998.08.06"]
[SourceQuality "1"]

1. e4 g6 2. d4 Bg7 3. Nc3 d6 4. Nf3 a6 5. Be2 (5. a4 b6 6. Bd3) 5... Nd7 $6 (
5... b5 6. a4 (6. a3) 6... b4 7. Nd5 Bb7 8. Nxb4 (8. Qd3 a5 $13) 8... Bxe4 9.
O-O Nf6 $13) 6. O-O b5 7. a4 $1 b4 8. Nd5 a5 (8... Bb7 9. Nxb4 Bxe4 10. Ng5 Bb7
11. Bf3 Qc8 12. Re1 $36) 9. c3 e6 (9... Bb7 10. Qc2 Ngf6 11. c4 $14 (11. Nxf6+
Nxf6 12. e5 $16)) 10. Ne3 Bb7 11. Qc2 Ngf6 (11... bxc3 12. bxc3 Ne7 $14) 12. e5
$1 Ne4 $6 (12... dxe5 13. dxe5 Nd5 14. Nc4 O-O 15. Bg5 Qc8 16. Rfe1 $36) 13.
Bd3 f5 $1 (13... Ng5 14. Nxg5 Qxg5 15. cxb4 dxe5 16. Qxc7 Rb8 17. d5 exd5 18.
Nxd5 Qd8 19. Qd6 $16) (13... d5 14. c4 {/\cd,Nd5,/\c5,c6}) 14. exf6 Ndxf6 (
14... Nexf6 $2 15. Ng5 Nf8 16. Bb5+ c6 17. Bc4 d5 18. Bd3 $16) 15. cxb4 $1 axb4
16. Nd2 $2 (16. Bb5+ Ke7 17. Re1 $16) 16... Nxd2 17. Bxd2 (17. Bb5+ Nd7 18.
Bxd2 (18. Qxd2 O-O 19. Qxb4 c5 20. dxc5 Nxc5 $146) 18... Bxd4) (17. Qxd2 Rb8
18. Qxb4 Bxg2 19. Bb5+ c6 20. Qc4 cxb5 21. Qxe6+ Qe7 22. Qxe7+ Kxe7 23. Kxg2
bxa4 24. Rxa4 Rb7 25. Re1 Kf7 26. Nc4 Rd8 27. Bf4 Bf8 $14) 17... O-O (17... Nd5
18. Bb5+ Ke7 19. Rfe1 $16 (19. Rac1 $16)) 18. Bxb4 $13 Nh5 $2 (18... Nd5 19.
Nxd5 (19. Bc3 Qg5) 19... Bxd5 20. Bc3 (20. Bc4 Bxd4 21. Rad1 $2 Rxf2 22. Rxf2
Bxf2+ 23. Kxf2 (23. Qxf2 Bxc4 24. Qd4 Ba6 (24... Bb3 25. Rd3 e5 $17) 25. Bc3 e5
26. Qd5+ Kf8 27. Bxe5 $40) 23... Qh4+) (20. Be4 Bxd4 21. Bxd5 exd5 22. Qd2 Qf6
$13) 20... Qh4 {/\Qg4,Bg2,Bd4} 21. g3 Qg4 22. Be2 Rf3 23. Rfe1 Raf8 $40 24. Qd2
) 19. Be4 Bxe4 20. Qxe4 Nf4 21. Nc2 $16 c5 22. dxc5 d5 (22... Bxb2 23. cxd6
Bxa1 24. Rxa1 Qf6 $13 25. d7 Rfd8 26. Rd1 Ra7 27. Qc6 Nd5) 23. Qe3 e5 (23...
Bxb2 24. g3 Nh3+ (24... Bxa1 25. Rxa1 Nh3+ 26. Kg2 Ng5 27. h4 Ne4 28. f3 Nf6
29. Qxe6+ Rf7 30. Nd4 $16) 25. Kg2 Ng5 26. h4 Ne4 27. f3 $16) 24. g3 Ne6 25.
Rad1 d4 (25... Rxa4 26. Qb3) 26. Qb3 Qe8 27. Rfe1 {/\f4,Nd4} Kh8 (27... Qf7 28.
f4 Rae8 29. c6) 28. Nxd4 $1 $18 Ng5 (28... Nxd4 29. Rxd4 Qxa4 30. Qxa4 Rxa4 31.
Rde4) 29. f4 Qxa4 (29... Nh3+ 30. Kg2 Qxa4 31. Kxh3) 30. fxg5 exd4 (30... Qxb3
31. Nxb3 Rfb8 32. Re4) 31. Qxa4 Rxa4 32. Ba3 h6 33. Re6 Kh7 34. c6 Rc8 35. gxh6
Bxh6 36. Re7+ Kg8 37. c7 {37...Ra7 38.Bd6 Bf8 39.Rd7 Bd6 40.Rd8 Yudasin} 1-0

[Event "YUG-ch53"]
[Site "Belgrade "]
[Date "1998.03.27"]
[Round "13"]
[White "Petronic, Jovan"]
[Black "Barlov, Dragan"]
[Result "0-1"]
[WhiteElo "2450"]
[BlackElo "2490"]
[Annotator "Yudasin,L"]
[PlyCount "94"]
[EventDate "1998.03.14"]
[EventType "tourn"]
[EventRounds "15"]
[EventCountry "YUG"]
[EventCategory "10"]
[SourceTitle "CBM 064"]
[Source "ChessBase"]
[SourceDate "1998.06.02"]
[SourceVersion "1"]
[SourceVersionDate "1998.06.02"]
[SourceQuality "1"]

1. d4 {Hecht} d6 2. e4 g6 3. Nc3 Bg7 4. f4 c6 5. Nf3 Qb6 6. a4 (6. Bc4 e6 7.
Bb3 Ne7) 6... a5 7. Ra3 $6 (7. Bc4) 7... Bg4 8. Rb3 Qc7 9. Be3 Na6 10. Bc4 (10.
d5 Nb4) 10... e6 11. O-O Ne7 12. Qd2 Bxf3 13. Rxf3 d5 14. Bf1 dxe4 (14... O-O
15. e5 f5 $14) 15. Nxe4 Nb4 $6 (15... O-O 16. Rh3 Rfd8) 16. Bf2 O-O 17. Rh3 $1
$36 Rfd8 18. Rbf3 c5 19. c3 Nbc6 20. Bh4 {/\Nf6©+/-} Nxd4 $1 21. cxd4 Rxd4 22.
Qe1 (22. Qc2 Nd5 23. Bg3 Nb4 (23... Qc6 $146 24. Bf2) 24. Qxc5) 22... Nd5 23.
b3 (23. Bg3 Qc6 $146) 23... h6 $1 (23... Nxf4 24. Nf6+ Bxf6 25. Bxf6 Nxh3+ 26.
Rxh3 $40) 24. Kh1 $5 (24. Bg3 Qc6 25. Bf2 (25. Nf2 Rd8 26. Bb5 $13) 25... f5
26. Nc3 Nxf4) 24... Nxf4 25. Bg3 e5 (25... g5 $13 26. Bxf4 gxf4 27. Bc4 Rad8
28. Rf1 Qc6 29. Nc3 Rd2 30. Qe4) 26. Bxf4 exf4 27. Nc3 Qd7 28. Rd3 $6 (28. Bb5
Qf5 29. Rf1 $14) 28... Re8 29. Qd1 Qf5 $36 30. Ne2 $6 (30. Rhf3 g5 31. Rxd4
Bxd4 (31... cxd4 32. Bd3 Qe5 33. Nb5 g4 34. Rf1 h5 35. Na3 $14) 32. Bd3 Qe5 33.
Nb5 Be3 34. Rf1 $13) 30... Rde4 31. Rd8 $1 Rxd8 32. Qxd8+ Kh7 33. Rd3 $5 (33.
Rf3 Qe5 34. Qxa5 Rxe2 35. Bxe2 Qxe2 36. Qb5 $13) 33... c4 34. Rd5 $4 (34. bxc4
Rxc4 35. Qd7 Qxd7 (35... Qe4 36. Rf3) 36. Rxd7 Rxa4 37. Rxf7 $13) 34... Qe6 35.
Rd6 Qf5 36. Rd5 Qe6 37. Rd6 Qe5 38. Rd5 Qb2 $19 39. bxc4 Rxe2 40. Bxe2 Qxe2 {
[#] Hecht:  Attack with the Queen and bishop against the white king by
exploiting the remotely-placed white heavy pieces. [#] Hecht:  Angriff mit
Dame + Läufer gegen den weißen König unter Ausnutzung der entfernt plazierten
weißen Schwerfiguren.} 41. Rd1 f3 42. gxf3 (42. Qd2 {Hecht} fxg2+ 43. Kg1 Qxc4
44. Kxg2 Qxa4 $19) 42... Be5 43. Kg1 Bxh2+ 44. Kh1 Bf4 45. Kg1 Qh2+ 46. Kf1 Be3
47. Qxa5 Qf2# 0-1

[Event "Politiken zt"]
[Site "Munkebo"]
[Date "1998.09.12"]
[Round "1.3"]
[White "Thorhallsson, Throstur"]
[Black "Petursson, Margeir"]
[Result "0-1"]
[WhiteElo "2495"]
[BlackElo "2555"]
[Annotator "Yudasin,L"]
[PlyCount "71"]
[EventDate "1998.09.10"]
[EventType "k.o."]
[EventRounds "5"]
[EventCountry "DEN"]
[SourceTitle "CBM 067"]
[Source "ChessBase"]
[SourceDate "1998.11.30"]
[SourceVersion "2"]
[SourceVersionDate "1998.11.01"]
[SourceQuality "1"]

1. e4 g6 2. d4 Bg7 3. Nc3 d6 4. Be3 a6 5. a4 (5. f4) 5... Nf6 6. h3 (6. Nf3 Ng4
(6... O-O) (6... b6) 7. Bf4 e5 8. dxe5 Nxe5 9. Nxe5 Bxe5 (9... dxe5 10. Qxd8+
Kxd8 11. O-O-O+ Bd7 (11... Nd7 12. Be3 c6 13. a5) 12. Be3 Kc8 13. Bc4 f6 14.
Nd5 Re8 15. a5 $16) 10. Bh6) 6... O-O 7. f4 (7. Nf3 b6 8. e5 Nfd7) 7... Nc6 (
7... b6 8. e5 Nh5 $2 (8... Nfd7 9. Nf3 Bb7 10. Bc4 c5 11. exd6 exd6 $14) 9.
Nge2 Bb7 10. Rg1 $16) 8. e5 (8. d5 Nb4 9. a5 e6 10. Ra4 c5) 8... Nd7 9. Nf3 (9.
a5 e6 10. Nf3 Qe7 11. Be2 dxe5 12. dxe5 Qb4 13. Qc1 Nc5 14. O-O Ne4 $14 (14...
Nxa5 15. Na2 Qe4 16. Bxc5 Qxe2 17. Nc3)) 9... e6 10. h4 $5 (10. a5 $14) 10...
Ne7 11. h5 (11. Ne4 Nf5 12. Bf2 c5 $132 13. g4 Nxd4 (13... Qa5+ 14. b4 Qxb4+
15. c3) 14. Nxd4 cxd4 15. Nxd6 f6 $13) 11... c5 $1 12. hxg6 hxg6 (12... fxg6
13. Ng5) 13. exd6 (13. Ng5 Nf5 14. Qg4 Nxe3 15. Rh8+ (15. Qh3 Re8 16. Qxe3 cxd4
17. Qxd4 dxe5 $19) 15... Bxh8 16. Qh3 Nxc2+ 17. Kd2 Qxg5 18. fxg5 Nxa1 $19)
13... Nf5 14. Bf2 cxd4 15. Nxd4 (15. Ne4 Qa5+ 16. Qd2 Qxd2+ 17. Kxd2 Nf6 $10)
15... Nxd6 16. Nf3 $1 (16. Nxe6 Qe7) (16. Nc6 bxc6 17. Qxd6 Qa5 18. Bd4 Nf6 19.
O-O-O $40 Rd8 20. Qe7 (20. Qe5 Qxe5 21. Bxe5 Rxd1+ 22. Kxd1 $4 (22. Nxd1 c5 23.
Ne3 Bb7 24. Nc4 $14) 22... Bb7 $13 (22... Ng4 23. Bxg7 Nf2+ 24. Ke1 Nxh1 $19))
20... Rd7 21. Qxf6 Rxd4 $1 $15) 16... Nf6 (16... Qc7 17. Bd4 Nf6 18. Be5 Rd8
19. Qd4 $40) 17. Bc5 Nd5 18. Ne5 (18. Nxd5 exd5 19. Qxd5 Re8+ $4 (19... Nf5 20.
Qxd8 Rxd8 $13 21. c3 Ng3 (21... Be6 $146) 22. Rh2 Bg4 23. Bd4 (23. Ne5 Nxf1 24.
Kxf1 Be6 25. Bd4 $14) 23... Nxf1 24. Kxf1 Bxf3 25. Bxg7 Bxg2+ $15) 20. Ne5 $18)
18... b6 19. Nxd5 {The text of the game} (19. Ba3 Bb7 $13) 19... exd5 (19...
bxc5 $4 20. Nc6 {/\Ne7}) 20. Ba3 (20. Qxd5 bxc5 21. Qxa8 Qa5+ 22. c3 Bb7 23.
Qa7 Ra8 24. Nc4 Bxc3+ 25. Kf2 Rxa7 26. Nxa5 Bxa5) 20... Be6 21. Qf3 Rc8 22.
O-O-O $1 (22. g4 Qc7 23. Qh3 Rfd8 24. Bd3 b5 25. axb5 axb5 26. Bb4 $36 Ra8 27.
Rd1 Ra4 28. c3 d4 $132) 22... b5 $5 (22... Qc7 23. Bd3 Rfd8 24. g4 Nc4 (24...
b5 25. f5 $40) 25. Bxc4 dxc4 26. Qh3 Rxd1+ 27. Kxd1 $18) 23. g4 Qb6 $1 (23...
Qc7 24. Bd3 Rfd8 25. Qh3 (25. Rde1 Qb6 26. f5 (26. Nxg6 b4 27. Qh3 fxg6 28.
Qh7+ Kf8 29. Rxe6 bxa3) 26... b4 27. fxe6 Bxe5 28. Rxe5 bxa3 {/\b3-Qb3} 29.
bxa3 Qd4 30. exf7+ Nxf7 31. Re7 Ne5 $4 (31... Ng5 $13) 32. Rh8+ Kxh8 33. Qf6+)
25... Qb6 $13) 24. Qh3 $4 (24. a5 Qxa5 (24... Qc7 25. Bd3 Rfd8 26. Qh3 (26. f5
Bxe5 27. fxe6 fxe6 $16) 26... Qxa5 27. f5 b4 28. fxe6 bxa3 29. Qh7+ Kf8 30.
Nxg6+ fxg6 31. Rdf1+ Nf5 32. Rxf5+ gxf5 33. Qxf5+ Ke7 34. Qf7+ Kd6 35. Qxg7 a2
$19) (24... Qb8 25. f5 (25. Bb4 $1 $16) 25... b4 26. Qh3 Rfd8 27. fxe6 bxa3 28.
Qh7+ Kf8 $19) 25. Bxd6 Qa1+ 26. Kd2 Qxb2 27. Bd3 Rfd8 28. Be7 Re8 29. Bh4 $13)
24... Rfd8 25. Qh7+ (25. f5 b4 26. fxe6 bxa3 (26... Bxe5 27. Qh7+ Kf8 28. Rxd5
bxa3 29. e7+ Kxe7 30. Rxe5+ Kf6 $19) 27. exf7+ Nxf7 28. Qh7+ Kf8 29. Nxg6+ $18)
25... Kf8 26. Bxd6+ (26. f5 b4 27. fxe6 bxa3) 26... Rxd6 27. Bd3 bxa4 $19 28.
Rde1 (28. f5 Bxe5 29. fxe6 Bxb2+ 30. Kd2 Qf2+ 31. Be2 Qf4+ 32. Kd3 (32. Ke1
Bc3+) 32... Qe4+) 28... Rb8 $40 29. b3 axb3 30. f5 bxc2 31. Bxc2 Qb2+ 32. Kd1
Bxe5 33. Rxe5 (33. fxe6 Qd4+ 34. Ke2 Rxe6) 33... Qxe5 34. fxg6 (34. fxe6 Qd4+
35. Kc1 Qf4+ 36. Kd1 Rxe6) 34... Qd4+ 35. Kc1 Qf4+ 36. Kd1 {36...Bg4 37.Ke1
Re6 Yudasin} 0-1

[Event "Serbian-ch 29th"]
[Site "Sabac"]
[Date "1998.04.22"]
[Round "3"]
[White "Simic, Radoslav"]
[Black "Markovic, Miroslav"]
[Result "1/2-1/2"]
[WhiteElo "2435"]
[BlackElo "2540"]
[Annotator "Yudasin,L"]
[PlyCount "70"]
[EventDate "1998.04.20"]
[EventType "tourn"]
[EventRounds "13"]
[EventCountry "YUG"]
[EventCategory "9"]
[SourceTitle "CBM 065"]
[Source "ChessBase"]
[SourceDate "1998.08.06"]
[SourceVersion "1"]
[SourceVersionDate "1998.08.06"]
[SourceQuality "1"]

1. Nf3 g6 2. e4 Bg7 3. d4 d6 4. Nc3 Bg4 5. Be2 Nc6 6. Be3 e5 7. dxe5 (7. d5
Bxf3 8. Bxf3 Nd4 9. O-O Ne7 $10) 7... Bxf3 $6 (7... dxe5 8. Qxd8+ Rxd8 9. Nd5
Rd7 10. c3 Nge7 11. O-O-O $14) 8. Bxf3 Nxe5 $2 (8... dxe5 9. Qxd8+ Rxd8 10. Nd5
Rd7 11. c3 $14) 9. Be2 Nf6 10. O-O (10. f4 Ned7 11. O-O O-O 12. Bf3 Re8 13. Re1
Qc8 14. Qd2 $14) 10... O-O 11. f4 Ned7 (11... Nc6 12. Bf3 Re8 13. Re1 Qd7 14.
h3 Rad8 15. a3 Rc8 16. Qd3 $16) 12. Bf3 Re8 13. Re1 Qc8 14. Kh1 $6 (14. Qd3 $36
{/\h3,Rad1,Bd4}) 14... Nb6 15. Qd3 Rd8 $6 (15... Rb8 16. a4) (15... Ng4 16. Bg1
Nh6 17. Rad1 f5 18. Bd4 $16) 16. a4 Nbd7 17. Rad1 a6 18. b3 (18. h3 {/\g4,/\a5,
b4}) 18... Re8 19. Bd4 (19. g4 h6 20. h4 (20. h3 Nh7 $132 {/\g5}) 20... Nf8 21.
f5 (21. Rg1 h5) 21... N8d7) 19... Nf8 20. g3 h5 21. Kg2 (21. Nd5 Nxd5 22. exd5
Bxd4 23. Qxd4 Qd7 24. Qc3 $6 Rxe1+ 25. Rxe1 Re8 26. Rxe8 Qxe8 27. Qxc7 $6 Qe3
28. Kg2 h4 (28... Qd2+ 29. Kh3 Qe3 30. Bg2 $4 Qe2 31. Qc8 f5 32. Bh1 Qf1+ 33.
Bg2 Qd1 $19) 29. gxh4 Qxf4 $13) 21... Ne6 22. Be3 Nd8 23. Nd5 (23. Bf2 Nc6 24.
Nd5) 23... Nc6 24. c3 Nxd5 25. exd5 Ne7 26. Bf2 (26. Be4 Nf5 27. Bxf5 $2 (27.
Bf2 $14) 27... Qxf5 28. Qxf5 gxf5 29. Bd2 Kh7 $10) 26... Qd7 27. Re4 $6 (27. h3
{/\g4,hg-hg,Bd4,Rh1}) 27... Nf5 28. Rde1 Rxe4 29. Rxe4 Re8 $1 $14 30. Rxe8+
Qxe8 31. Bxh5 (31. h3 Qd7 (31... Qe7 32. Bxh5 Nh4+ 33. gxh4 gxh5 34. Kf3 Qd7
35. Ke2 Qe7+ 36. Kd2 Qf6 37. Qe3 Qf5) 32. g4 hxg4 33. Bxg4 Qe8 34. Bxf5 gxf5
35. Kf3 Qd7 36. Bd4 Bxd4 37. Qxd4 $16 Qe7 $132) 31... gxh5 32. Qxf5 Qe2 33.
Qc8+ Kh7 34. Qf5+ Kg8 35. Qc8+ Kh7 {36.Qc7 Qe4 37.Kf1 Qd3 38.Kg1 Qd1 39.Kg2
Qd5,36.Qf5= Yudasin} 1/2-1/2

[Event "FIDE-Wch k.o."]
[Site "Groningen"]
[Date "1997.12.10"]
[Round "1.4"]
[White "Granda Zuniga, Julio E"]
[Black "Kurajica, Bojan"]
[Result "1/2-1/2"]
[WhiteElo "2625"]
[BlackElo "2545"]
[Annotator "Yudasin,L"]
[PlyCount "113"]
[EventDate "1997.12.09"]
[EventType "k.o."]
[EventRounds "7"]
[EventCountry "NED"]
[SourceTitle "CBM 063"]
[Source "ChessBase"]
[SourceDate "1998.03.26"]
[SourceVersion "1"]
[SourceVersionDate "1998.03.26"]
[SourceQuality "1"]

1. d4 d6 2. e4 g6 3. Nc3 c6 4. Be3 Bg7 5. Qd2 b5 6. Bd3 (6. f3 Nd7 7. O-O-O Bb7
8. Kb1 $14) 6... Nd7 7. f4 $5 (7. Nf3 Ngf6 8. h3 e5 9. d5 cxd5 10. Nxb5 O-O 11.
Nxd6 Qe7 12. Nxc8 Rfxc8 13. Nh2 dxe4 $13) 7... Nb6 8. b3 (8. Nf3 Bg4 9. O-O Nf6
{[%cal Gd6d5,Gb6c4] /\d5,/\Nc4}) 8... Nf6 9. Nf3 a6 10. a4 b4 11. Nd1 a5 12. h3
(12. Nf2 Ng4 $1 13. Nxg4 Bxg4 14. O-O O-O 15. Rad1 Qc7 {[%cal Gc6c5,Gc5c4] /
\c5-c4}) 12... Qc7 13. Nf2 O-O 14. Rc1 $1 $36 Nfd7 (14... c5 15. c3) 15. c3
bxc3 16. Rxc3 (16. Qxc3 Bb7 {[%cal Gf8c8,Yc6c5] /\Rfc8,c5}) 16... c5 (16... Ba6
$5 17. O-O Rfc8 {[%cal Gc7b7,Yc6c5,Ye7e5] /\Qb7,c5,e5}) 17. Rc2 Bb7 (17... Qb7
18. dxc5 Nxc5 19. Bxc5 dxc5 20. Rxc5 Be6 $146) 18. O-O Rfc8 19. Rfc1 $6 (19.
Bb5 Qd8 20. dxc5 Nxc5 21. Bxc5 dxc5 22. Qxd8+ Rxd8 23. Rxc5) 19... Qd8 20. dxc5
Nxc5 21. Bxc5 dxc5 22. Rxc5 Rxc5 23. Rxc5 Nd7 $146 24. Rc2 (24. Rc1 Qb6 25. Rb1
Nc5 26. Qe3 Nxa4 $15) 24... Qb6 25. e5 $6 (25. Bc4 Bxe4) (25. Bb5 Nc5 26. Qe3
Nxa4 27. Qxb6 Nxb6 28. Rc7 Bc8 29. Rxe7 Be6 30. Rxe6) 25... Rd8 $1 (25... Bxf3
26. gxf3 Qxb3 27. Be4 Ra7 28. Rc8+ Nf8 29. Qd4 Ra6 30. Qd8 $36) 26. Qe2 Bxf3 (
26... Qxb3 27. Rb2 Bxf3 28. Rxb3 Bxe2 29. Bxe2 Nc5 30. Rb5 Nxa4 31. Rxa5 $10)
27. Qxf3 Qxb3 28. Qc6 Nf8 29. Bc4 $6 (29. Qc4 $10) 29... Qe3 $10 30. Qe4 Qb6 $6
(30... Qxe4 31. Nxe4 Rd4 32. Ng5 Rxf4 33. Nxf7 Rxf7 34. Bxf7+ Kxf7 35. Rc5 Nd7
36. Rxa5 Bxe5 37. Rb5 Bd4+ 38. Kf1 Ne5 39. a5 Nc6 40. a6 Ke6 $15) 31. Kh2 h5
32. Nd3 $10 Rd4 33. Qe3 Bh6 34. h4 Qd8 35. g3 Ne6 {[%cal Ge6g7,Gg7f5] /\Ng7-f5}
(35... Kg7 36. Rc3 $10) 36. Bxe6 Rxd3 37. Qe4 Kg7 (37... fxe6 38. Qxg6+ Bg7 39.
Qxe6+ Kh7 40. Qf5+ Kh6 41. Rc6+) (37... Rd2+ 38. Kh3 fxe6 39. Qxg6+ Bg7 40.
Qxe6+ Kh7 41. Qf5+ Kg8 42. Rc8) 38. Rc8 Rd2+ 39. Kh3 Qd3 40. Qxd3 Rxd3 41. Bc4
Ra3 42. Kg2 $10 Rxa4 43. Rc7 Kg8 (43... Kf8 44. Rc8+ Kg7 45. Rc7) (43... Rb4
44. Kf3 a4 45. Ba2 Rb2 46. Bd5 {[%cal Gc7a7] /\Ra7}) 44. e6 fxe6 (44... f5 45.
Bb5 Rb4 46. Be8 Kg7 47. Rxe7+ Kf8 48. Rh7 Kxe8 49. Rxh6 a4 50. Rxg6 a3 51. Rg8+
Ke7 52. Ra8 Rb2+ 53. Kf3 a2 54. Ra6 $10) 45. Bxe6+ Kg7 (45... Kf8 46. Bc4 {
[%csl Rg6][%cal Gc7c6,Gc4d3] /\Rc6,Bd3,Be8}) 46. Bb3 Rb4 47. Rxe7+ Kf8 48. Rf7+
Ke8 49. Bd5 Rd4 50. Be6 Rd6 51. Bc4 Rc6 52. Bb5 Kxf7 53. Bxc6 Kf6 54. Kf3 Bf8
55. Ba4 Bc5 56. Bc2 Bb4 57. Kg2 1/2-1/2

[Event "Dortmund SuperGM 26th"]
[Site "Dortmund"]
[Date "1998.06.29"]
[Round "4"]
[White "Svidler, Peter"]
[Black "Beliavsky, Alexander G"]
[Result "1/2-1/2"]
[WhiteElo "2690"]
[BlackElo "2690"]
[Annotator "Yudasin,L"]
[PlyCount "65"]
[EventDate "1998.06.26"]
[EventType "tourn"]
[EventRounds "9"]
[EventCountry "GER"]
[EventCategory "18"]
[SourceTitle "CBM 066"]
[Source "ChessBase"]
[SourceDate "1998.09.30"]
[SourceVersion "1"]
[SourceVersionDate "1998.09.30"]
[SourceQuality "1"]

1. e4 g6 2. d4 d6 3. Nc3 Bg7 4. Be3 a6 5. f4 $5 b5 6. Nf3 Bb7 (6... Nf6 7. e5
Ng4 8. Bg1 Bb7 9. Bd3 $16 (9. e6 $1) (9. Ng5)) 7. Bd3 b4 (7... Nf6 8. e5 Nd5 9.
Nxd5 Bxd5 10. Qe2 $36) 8. Ne2 Nf6 9. e5 (9. Ng3 h5 (9... Nbd7 10. Qd2 c5 $132)
10. Ng5 h4 11. Nf1 d5 12. e5 Ne4 13. Nxe4 dxe4 14. Bc4 $16) 9... Nd5 10. Bd2 $6
(10. Bf2 Bh6 11. Qd2 c5 $14) 10... c5 11. c4 (11. dxc5 dxc5 {/\Nb6}) 11... bxc3
12. bxc3 cxd4 13. cxd4 O-O $14 14. O-O (14. Qb3 Bc6 15. Rc1 e6) 14... a5 15.
Rb1 (15. Qb3 Bc6) 15... Ra7 (15... Ba6 16. Be4 (16. Bxa6 Nxa6 17. Qa4) 16... e6
17. Re1 Nc6 $10) 16. Qa4 Ba6 $1 17. Bxa6 Nxa6 18. Rfc1 (18. Qxa5 Qa8 19. Qb5
Nac7 $10) (18. Bxa5 Qa8 19. Qb5 Nb8 20. Bd2 Rxa2 21. Rfc1 dxe5 22. dxe5 e6 23.
Ned4 Na6 $10) 18... Nac7 19. Ng3 $6 (19. Qc6 dxe5 20. dxe5 Ne6 21. Rd1 Qa8) (
19. Rc6 $36 {/\ed,Qa3}) 19... Bh6 20. Ne2 Qc8 (20... Bg7 21. Rc6) 21. Qc6 Qf5
$132 {/\Nf4,/\Qd3} (21... Ra6 22. Qb7 Qxb7 23. Rxb7 Ne6 24. g3 dxe5 25. dxe5
Rd8 26. Rb5 Nb4 $13) 22. exd6 (22. Rb7 Rxb7 23. Qxb7 dxe5 24. dxe5 (24. Rxc7
Nxc7 25. Qxc7 Qb1+ 26. Qc1 Qxa2 27. dxe5 a4 $13) 24... Qd3) 22... Ra6 23. Qc2
$1 (23. dxe7 $4 Rxc6 24. exf8=Q+ Bxf8 25. Rxc6 Qxb1+) (23. Qc4 Rxd6 24. Bxa5
Ne6 $146) 23... Qxc2 24. Rxc2 exd6 (24... Rxd6 25. Bxa5 Ne6 26. g3 Ra8 27. Be1
Ne3 28. Rd2 Nc4 $132) 25. a4 $1 (25. Rb7 Ne6 26. g3 a4) 25... Ne6 26. g3 Rfa8
27. Rb5 Nec7 $2 (27... Nb6 $10) 28. Rb7 R6a7 29. Rxa7 (29. Rcb2 $5 Rxb7 30.
Rxb7 Ne6 (30... Bg7 31. Nc1 Ne6 32. Nb3 $16) 31. Nc1 Nd8 32. Rd7 $6 (32. Rb5
$16) 32... Bf8 33. Nb3 Nb6 34. Rc7 Nxa4 $10) 29... Rxa7 30. Rc6 Bf8 31. Nc1 Na8
$1 $10 32. Nb3 Nab6 33. Nxa5 {Yudasin} 1/2-1/2

[Event "Guillermo Garcia Memorial-A 06th"]
[Site "Santa Clara"]
[Date "1998.06.07"]
[Round "12"]
[White "Bellon Lopez, Juan Manuel"]
[Black "Herrera, Irisberto"]
[Result "1-0"]
[WhiteElo "2455"]
[BlackElo "2445"]
[Annotator "Yudasin,L"]
[PlyCount "63"]
[EventDate "1998.05.24"]
[EventType "tourn"]
[EventRounds "13"]
[EventCountry "CUB"]
[EventCategory "9"]
[SourceTitle "CBM 066"]
[Source "ChessBase"]
[SourceDate "1998.09.30"]
[SourceVersion "1"]
[SourceVersionDate "1998.09.30"]
[SourceQuality "1"]

1. d4 g6 2. e4 Bg7 3. Bc4 d6 4. Qf3 e6 5. Ne2 a6 (5... c6 6. c3 (6. Nbc3 d5 7.
Bd3) 6... d5 7. Bb3) 6. a4 (6. O-O b5 7. Bb3 Bb7 8. c3 Nf6 9. d5 (9. Ng3 Nbd7
$10) 9... e5 $13) 6... Nc6 (6... b6 $5) (6... c6) 7. Be3 (7. c3 Nge7 {/\d5})
7... Bd7 (7... Nge7 8. Nbc3 Nb4 9. Bb3 d5 10. O-O O-O $10) 8. Nbc3 (8. c3 Nge7
9. Nd2 (9. O-O O-O 10. Nd2 $14) 9... b5) 8... Nb4 9. Bb3 Rc8 $1 {/\c5-c4-/+} (
9... Ne7) 10. Na2 Nxa2 11. Rxa2 c5 12. c3 (12. dxc5 dxc5 13. c3 Ne7 $10 {/\Nc6}
) 12... Ne7 (12... Qb6 13. Bd1) 13. Qg3 Qc7 $6 (13... cxd4 14. Bxd4 e5 15. Be3
O-O 16. O-O b5 $13) (13... Qb6 14. Bd1 cxd4 15. Bxd4 $2 (15. cxd4 O-O $10)
15... Bxd4 16. Nxd4 e5 17. Nc2 (17. a5 Qc7 18. Nc2 Qc4) 17... Be6) 14. Qh4 h6 (
14... Qb6 $5) 15. O-O g5 (15... cxd4 16. Bxd4 Bxd4 (16... e5 17. Be3 Be6 18.
Bxe6 fxe6 19. b3 $16) 17. cxd4 Qb6 18. Ra3 g5 19. Qh5 $16) 16. Qh5 Ng8 17. Qh3
(17. Ng3 cxd4 18. cxd4 Qb6) 17... Nf6 (17... Qb6 18. Bd1 {/\dc,Ng3,/\f4}) 18.
Ng3 e5 $6 (18... O-O 19. dxc5 dxc5 20. Bc2 {/\Nh5,f4}) (18... Kf8 $1 19. Nh5 $4
(19. f3 Qb6 $132) 19... e5) 19. Nf5 Bxf5 (19... Kf8 20. f3 $16) 20. Qxf5 cxd4
$2 (20... Qd7 21. Qxd7+ Nxd7 22. dxc5 Nxc5 23. Bd5 Rc7 24. a5 $16 Rd7) 21. cxd4
Qd7 22. Qxd7+ Nxd7 (22... Kxd7 23. dxe5 dxe5 24. Bxf7 Nxe4 25. Bd5 Nd6 26. Rd1)
23. dxe5 Bxe5 (23... Nxe5 24. Bd5 Nc6 $16) 24. g3 {/\f4,Rd1} (24. Bd5 Rc7 25.
Rc1 $16) 24... g4 25. Bd5 Rc7 26. Rc1 Rxc1+ 27. Bxc1 Nc5 $8 28. b4 Nd3 29. Bd2
$18 a5 (29... Bd4 30. Bxb7) 30. bxa5 Nc5 31. Be3 Kd7 (31... Bc3 32. Rc2 Bxa5
33. Bxc5 dxc5 34. Rxc5 Bd8 35. Bxb7) 32. Rc2 {32...Rc8 33.Bf7 Ne4 34.Be6
Yudasin} 1-0